[Event "SLO-chT Central 23rd"]
[Site "Slovenia"]
[Date "2022.11.10"]
[Round "8.3"]
[White "Kutin, Dusan"]
[Black "Zmaucar, Miha"]
[Result "0-1"]
[WhiteElo "1776"]
[BlackElo "1465"]
[PlyCount "48"]
[EventDate "2022.09.15"]
[EventType "team-swiss"]
[EventRounds "9"]
[EventCountry "SLO"]
[SourceTitle "EXT 2024"]
[Source "ChessBase"]
[SourceDate "2023.10.10"]
[SourceVersion "1"]
[SourceVersionDate "2023.10.10"]
[SourceQuality "1"]
[WhiteTeam "Ljubljana Karel Jeraj"]
[BlackTeam "Domzale SD"]
[WhiteTeamCountry "SLO"]
[BlackTeamCountry "SLO"]

1. e4 c5 2. Nf3 Nc6 3. d4 cxd4 4. Nxd4 Nf6 5. Nc3 d6 6. Be2 g6 7. 0-0 Bg7 8. Be3 0-0 9. Qd2 Bd7 10. Rad1 a6 11. Bf3 Qc7 12. Nxc6 Bxc6 13. Bh6 Qb6 14. Bxg7 Kxg7 15. Nd5 Qxb2 16. Nxe7 Bxe4 17. Bxe4 Nxe4 18. Qd4+ Qxd4 19. Rxd4 Nc3 20. Rxd6 Rad8 21. Rxd8 Rxd8 22. f4 Kf8 23. Rf3 Ne4 24. g4 Kxe7 0-1

[Event "SLO-chT Central 23rd"]
[Site "Slovenia"]
[Date "2022.11.03"]
[Round "7.4"]
[White "Kutin, Dusan"]
[Black "Markic, Vladimir"]
[Result "1-0"]
[WhiteElo "1776"]
[BlackElo "1600"]
[PlyCount "69"]
[EventDate "2022.09.15"]
[EventType "team-swiss"]
[EventRounds "9"]
[EventCountry "SLO"]
[SourceTitle "EXT 2024"]
[Source "ChessBase"]
[SourceDate "2023.10.10"]
[SourceVersion "1"]
[SourceVersionDate "2023.10.10"]
[SourceQuality "1"]
[WhiteTeam "Ljubljana Karel Jeraj"]
[BlackTeam "Trzin Pekos Pub"]
[WhiteTeamCountry "SLO"]
[BlackTeamCountry "SLO"]

1. e4 d5 2. exd5 Qxd5 3. c4 Qd8 4. d4 Nf6 5. Nc3 Bg4 6. Be2 Bxe2 7. Ngxe2 e6 8. a3 Be7 9. 0-0 0-0 10. h3 c6 11. b4 Qc7 12. Qc2 Nbd7 13. Be3 Rac8 14. Rfc1 b6 15. c5 b5 16. a4 a6 17. a5 Nd5 18. Nxd5 exd5 19. Bf4 Qd8 20. Ng3 Bg5 21. Bxg5 Qxg5 22. Qf5 Qxf5 23. Nxf5 Rc7 24. Re1 g6 25. Nd6 Nf6 26. f3 Rd8 27. g4 h6 28. Re2 Rdd7 29. Rae1 Kf8 30. Ne8 Nxe8 31. Rxe8+ Kg7 32. Kf2 h5 33. Ra8 Ra7 34. Ree8 hxg4 35. hxg4 1-0

[Event "Ljubljana-chT 74th"]
[Site "Ljubljana"]
[Date "2022.03.10"]
[Round "8.3"]
[White "Jakob, Matthias1111"]
[Black "Kutin, Dusan"]
[Result "1-0"]
[WhiteElo "1996"]
[BlackElo "1824"]
[PlyCount "57"]
[EventDate "2022.01.13"]
[EventType "team-swiss"]
[EventRounds "9"]
[EventCountry "SLO"]
[SourceTitle "EXT 2024"]
[Source "ChessBase"]
[SourceDate "2023.10.10"]
[SourceVersion "1"]
[SourceVersionDate "2023.10.10"]
[SourceQuality "1"]
[WhiteTeam "Trzin Buscotrade"]
[BlackTeam "Ljubljana Karel Jeraj"]
[WhiteTeamCountry "SLO"]
[BlackTeamCountry "SLO"]

1. e4 c6 2. d4 d5 3. exd5 cxd5 4. c4 e6 5. Nc3 Nf6 6. Nf3 h6 7. a3 Be7 8. cxd5 Nxd5 9. Bd3 0-0 10. 0-0 Nc6 11. Re1 Bd6 12. Qe2 f5 13. Bc2 a6 14. Bd2 Bc7 15. Rad1 g5 16. Bc1 g4 17. Ne5 Qh4 18. Nxd5 exd5 19. Bf4 Qf6 20. Nxc6 Qxc6 21. Bxc7 Qxc7 22. Bb3 Rd8 23. Bxd5+ Kg7 24. Bb3 b5 25. d5 Qd6 26. Rc1 Qf6 27. Rc7+ Kg6 28. Rc6 Rd6 29. Qe8+ 1-0

[Event "SLO-chT Central 22nd"]
[Site "Slovenia"]
[Date "2021.09.23"]
[Round "2.3"]
[White "Kutin, Dusan"]
[Black "Faganel, Kaja"]
[Result "1/2-1/2"]
[WhiteElo "1824"]
[BlackElo "1481"]
[PlyCount "96"]
[EventDate "2021.09.16"]
[EventType "team-tourn"]
[EventRounds "7"]
[EventCountry "SLO"]
[SourceTitle "EXT 2024"]
[Source "ChessBase"]
[SourceDate "2023.10.10"]
[SourceVersion "1"]
[SourceVersionDate "2023.10.10"]
[SourceQuality "1"]
[WhiteTeam "Ljubljana Karel Jeraj"]
[BlackTeam "Domzale SD"]
[WhiteTeamCountry "SLO"]
[BlackTeamCountry "SLO"]

1. e4 c5 2. Nf3 Nc6 3. c3 d5 4. exd5 Qxd5 5. Na3 Bg4 6. Be2 e6 7. 0-0 Nf6 8. h3 Bh5 9. c4 Qd7 10. d3 Be7 11. Bf4 0-0 12. Qd2 Rfd8 13. Rfd1 Bg6 14. Nb5 a6 15. Nc3 Nd4 16. Ne5 Qc8 17. Nxg6 hxg6 18. Bf1 Bd6 19. Bxd6 Rxd6 20. Ne2 Qc7 21. Nxd4 Rxd4 22. Qe3 Rad8 23. b3 Nd7 24. g3 Ne5 25. f4 Nc6 26. a3 Ne7 27. Bg2 Nf5 28. Qf3 R4d7 29. Rab1 Nd4 30. Qf2 e5 31. Bd5 exf4 32. gxf4 Qxf4 33. Rf1 Qxf2+ 34. Rxf2 Re7 35. b4 b6 36. bxc5 bxc5 37. Rb6 a5 38. a4 Rdd7 39. Kg2 Nf5 40. Be4 Ne3+ 41. Kf3 Nf5 42. Rfb2 Nd4+ 43. Kf2 f5 44. Bd5+ Kh7 45. Rb8 g5 46. Rc8 Rc7 47. Ra8 Ra7 48. Rc8 Rac7 1/2-1/2

[Event "SLO-chT Central 21st"]
[Site "Slovenia"]
[Date "2020.09.17"]
[Round "1.2"]
[White "Turek, Lan Timotej"]
[Black "Kutin, Dusan"]
[Result "1-0"]
[WhiteElo "2026"]
[BlackElo "1829"]
[PlyCount "43"]
[EventDate "2020.09.17"]
[EventType "team-swiss"]
[EventRounds "5"]
[EventCountry "SLO"]
[SourceTitle "EXT 2024"]
[Source "ChessBase"]
[SourceDate "2023.10.10"]
[SourceVersion "1"]
[SourceVersionDate "2023.10.10"]
[SourceQuality "1"]
[WhiteTeam "Domzale SD"]
[BlackTeam "Ljubljana Karel Jeraj"]
[WhiteTeamCountry "SLO"]
[BlackTeamCountry "SLO"]

1. e4 e5 2. Nf3 Nc6 3. Bc4 h6 4. d4 exd4 5. Nxd4 Bc5 6. Bxf7+ Kxf7 7. Qh5+ g6 8. Qxc5 d6 9. Qc4+ d5 10. Nxc6 dxc4 11. Nxd8+ Ke8 12. Nxb7 Bxb7 13. Nc3 Nf6 14. 0-0 Kf7 15. f3 a6 16. Bf4 Rac8 17. Rad1 Bc6 18. Rd4 Nh5 19. Be3 g5 20. Rxc4 Bb5 21. Nxb5 axb5 22. Rc6 1-0

[Event "SLO-chT3 West"]
[Site "Komenda"]
[Date "2019.12.06"]
[Round "1.1"]
[White "Kutin, Dusan"]
[Black "Kobe, Uros"]
[Result "0-1"]
[WhiteElo "1820"]
[BlackElo "2054"]
[PlyCount "68"]
[EventDate "2019.12.06"]
[EventType "team-swiss"]
[EventRounds "5"]
[EventCountry "SLO"]
[SourceTitle "EXT 2024"]
[Source "ChessBase"]
[SourceDate "2023.10.10"]
[SourceVersion "1"]
[SourceVersionDate "2023.10.10"]
[SourceQuality "1"]
[WhiteTeam "Ljubljana Karel Jeraj"]
[BlackTeam "Stari Trg ob Kolpi"]
[WhiteTeamCountry "SLO"]
[BlackTeamCountry "SLO"]

1. e4 e6 2. d4 d5 3. exd5 exd5 4. Nc3 g6 5. Nf3 Bg7 6. h3 Ne7 7. Bd3 Nbc6 8. Be3 Nf5 9. Bxf5 Bxf5 10. 0-0 0-0 11. a3 h6 12. Re1 Qd7 13. Kh2 Qd6+ 14. Kg1 Rae8 15. Nb5 Qd7 16. Kh2 a6 17. Nc3 g5 18. g4 Bg6 19. Qd2 f5 20. gxf5 Qxf5 21. Ng1 Ne7 22. Nce2 Qxc2 23. Qxc2 Bxc2 24. Rac1 Ba4 25. Rxc7 Bc6 26. Rc1 Bf6 27. Ng3 Kf7 28. Nf5 Kg6 29. Nd6 Rb8 30. Nf3 Nf5 31. Ne5+ Bxe5+ 32. dxe5 Nxe3 33. fxe3 Rf2+ 34. Kg3 Rbf8 0-1

[Event "SLO-chT Central 1st League 20th"]
[Site "Slovenia"]
[Date "2019.11.14"]
[Round "9.1"]
[White "Kutin, Dusan"]
[Black "Ribicic, Marko"]
[Result "1/2-1/2"]
[WhiteElo "1872"]
[BlackElo "1866"]
[PlyCount "37"]
[EventDate "2019.09.12"]
[EventType "team-tourn"]
[EventRounds "9"]
[EventCountry "SLO"]
[SourceTitle "EXT 2024"]
[Source "ChessBase"]
[SourceDate "2023.10.10"]
[SourceVersion "1"]
[SourceVersionDate "2023.10.10"]
[SourceQuality "1"]
[WhiteTeam "Ljubljana Karel Jeraj"]
[BlackTeam "Zelenci LPP"]
[WhiteTeamCountry "SLO"]
[BlackTeamCountry "SLO"]

1. e4 e5 2. Nf3 Nc6 3. Nc3 Nf6 4. Be2 Be7 5. 0-0 0-0 6. h3 d5 7. exd5 Nxd5 8. Nxd5 Qxd5 9. d3 Kh8 10. a3 Bf5 11. Be3 Rad8 12. Qe1 Bf6 13. Rb1 Rfe8 14. Bg5 Bxg5 15. Nxg5 f6 16. c4 Qd7 17. Ne4 Bxe4 18. dxe4 Nd4 19. Rd1 1/2-1/2

[Event "SLO-chT Central 1st League 20th"]
[Site "Slovenia"]
[Date "2019.10.10"]
[Round "5.1"]
[White "Posavec, Zvone"]
[Black "Kutin, Dusan"]
[Result "1/2-1/2"]
[WhiteElo "1345"]
[BlackElo "1872"]
[PlyCount "80"]
[EventDate "2019.09.12"]
[EventType "team-tourn"]
[EventRounds "9"]
[EventCountry "SLO"]
[SourceTitle "EXT 2024"]
[Source "ChessBase"]
[SourceDate "2023.10.10"]
[SourceVersion "1"]
[SourceVersionDate "2023.10.10"]
[SourceQuality "1"]
[WhiteTeam "Menges Trzin III"]
[BlackTeam "Ljubljana Karel Jeraj"]
[WhiteTeamCountry "SLO"]
[BlackTeamCountry "SLO"]

1. e4 e6 2. Nf3 c5 3. d4 cxd4 4. Nxd4 Nc6 5. Be3 Nf6 6. Nxc6 bxc6 7. Nd2 Be7 8. Be2 d5 9. e5 Nd7 10. f4 c5 11. c3 Bb7 12. 0-0 0-0 13. Bg4 Ba6 14. Rf3 Rb8 15. Qc2 Be2 16. Rh3 g6 17. Bxe2 Nb6 18. b3 d4 19. cxd4 cxd4 20. Bf2 Nd5 21. Rf3 Rc8 22. Qb2 Ne3 23. Bxe3 dxe3 24. Nc4 Bc5 25. h3 Bd4 26. Qc1 Bxa1 27. Qxa1 Rxc4 28. Bxc4 Qd2 29. Qf1 Qxa2 30. Rxe3 Rd8 31. Rd3 Rc8 32. Qd1 Kg7 33. Rd2 Qa5 34. Rd6 Qc5+ 35. Kh2 a5 36. Ra6 Rc7 37. Qd8 Rc8 38. Qxa5 Qe3 39. g3 Qf2+ 40. Kh1 Qf3+ 1/2-1/2

[Event "SLO-chT Central 1st League 20th"]
[Site "Slovenia"]
[Date "2019.10.03"]
[Round "4.1"]
[White "Kutin, Dusan"]
[Black "Porenta, Matija"]
[Result "1/2-1/2"]
[WhiteElo "1872"]
[BlackElo "1750"]
[PlyCount "115"]
[EventDate "2019.09.12"]
[EventType "team-tourn"]
[EventRounds "9"]
[EventCountry "SLO"]
[SourceTitle "EXT 2024"]
[Source "ChessBase"]
[SourceDate "2023.10.10"]
[SourceVersion "1"]
[SourceVersionDate "2023.10.10"]
[SourceQuality "1"]
[WhiteTeam "Ljubljana Karel Jeraj"]
[BlackTeam "Medvode"]
[WhiteTeamCountry "SLO"]
[BlackTeamCountry "SLO"]

1. e4 c5 2. Nf3 d6 3. c3 Nf6 4. h3 Nc6 5. d3 e6 6. Be2 Be7 7. 0-0 0-0 8. Nbd2 b5 9. Re1 Bb7 10. Nf1 Re8 11. Ng3 a6 12. d4 cxd4 13. cxd4 Nb8 14. Bd3 Nbd7 15. Be3 Rc8 16. Qb3 Nb6 17. Rac1 d5 18. e5 Ne4 19. Rxc8 Qxc8 20. Bxe4 dxe4 21. Nd2 Bd5 22. Qd1 Qc6 23. b3 Nd7 24. Qc1 Rc8 25. Qxc6 Rxc6 26. Ndxe4 h5 27. Bg5 Bxg5 28. Nxg5 Rc2 29. Re2 Rc1+ 30. Kh2 Rd1 31. Nxh5 Rxd4 32. Rc2 Kf8 33. Rc8+ Ke7 34. Nxg7 Nxe5 35. Nh5 Rd2 36. Nf4 Rxf2 37. Nxd5+ exd5 38. h4 Rxa2 39. h5 Kf6 40. Nh3 Rb2 41. Rd8 Rxb3 42. Rd6+ Kg7 43. h6+ Kg8 44. g3 f6 45. Nf4 Ng4+ 46. Kh3 Nxh6 47. Rxa6 Nf5 48. Nh5 d4 49. Nxf6+ Kf7 50. Ne4 Re3 51. Rf6+ Ke7 52. Rxf5 Rxe4 53. Rxb5 Ke6 54. Kg2 d3 55. Rb3 Rd4 56. Rb1 Kf5 57. Kf3 d2 58. Rd1 1/2-1/2

[Event "SLO-chT Central 1st League 20th"]
[Site "Slovenia"]
[Date "2019.09.26"]
[Round "3.1"]
[White "Hribar, Janez"]
[Black "Kutin, Dusan"]
[Result "1-0"]
[WhiteElo "1969"]
[BlackElo "1872"]
[PlyCount "67"]
[EventDate "2019.09.12"]
[EventType "team-tourn"]
[EventRounds "9"]
[EventCountry "SLO"]
[SourceTitle "EXT 2024"]
[Source "ChessBase"]
[SourceDate "2023.10.10"]
[SourceVersion "1"]
[SourceVersionDate "2023.10.10"]
[SourceQuality "1"]
[WhiteTeam "Crni Graben"]
[BlackTeam "Ljubljana Karel Jeraj"]
[WhiteTeamCountry "SLO"]
[BlackTeamCountry "SLO"]

1. c4 e5 2. Nc3 Nf6 3. g3 c6 4. d3 h6 5. Nf3 d6 6. Bg2 Be7 7. Rb1 a5 8. 0-0 0-0 9. a3 Bd7 10. h3 c5 11. b4 axb4 12. axb4 cxb4 13. Rxb4 Bc6 14. Rb1 Nbd7 15. Nh4 Bxg2 16. Kxg2 Qc8 17. Nf5 Re8 18. Kh2 Bf8 19. g4 Nc5 20. Be3 Ne6 21. Qd2 Kh7 22. Qb2 g6 23. Ng3 Nd8 24. Nce4 Nxe4 25. Nxe4 Kg7 26. Qd2 g5 27. Bxg5 Qe6 28. Bf6+ Kg8 29. g5 h5 30. Bxd8 Rexd8 31. Rxb7 Rab8 32. Rfb1 Rxb7 33. Rxb7 Be7 34. Qe3 1-0

[Event "SLO-chT Central 1st League 20th"]
[Site "Slovenia"]
[Date "2019.09.12"]
[Round "1.1"]
[White "Perme, Martin"]
[Black "Kutin, Dusan"]
[Result "1/2-1/2"]
[WhiteElo "1489"]
[BlackElo "1872"]
[PlyCount "73"]
[EventDate "2019.09.12"]
[EventType "team-tourn"]
[EventRounds "9"]
[EventCountry "SLO"]
[SourceTitle "EXT 2024"]
[Source "ChessBase"]
[SourceDate "2023.10.10"]
[SourceVersion "1"]
[SourceVersionDate "2023.10.10"]
[SourceQuality "1"]
[WhiteTeam "Komenda Pogi"]
[BlackTeam "Ljubljana Karel Jeraj"]
[WhiteTeamCountry "SLO"]
[BlackTeamCountry "SLO"]

1. e4 e6 2. d4 d5 3. e5 c5 4. c3 Nc6 5. Nf3 Bd7 6. Be3 cxd4 7. cxd4 Nge7 8. Bd3 Rc8 9. a3 Nf5 10. Bxf5 exf5 11. 0-0 Be7 12. Nc3 Be6 13. h3 0-0 14. Qd2 Na5 15. Qd1 Nc4 16. Bc1 a6 17. Nh2 b5 18. g4 fxg4 19. hxg4 Na5 20. f4 Nc6 21. f5 Bd7 22. Nxd5 f6 23. e6 Be8 24. Nxe7+ Nxe7 25. Qd3 Bc6 26. Nf3 Bd5 27. b3 Qd6 28. Nh2 Qc6 29. Bd2 Rfe8 30. Bb4 Qb7 31. Bc5 a5 32. Rf2 Bc6 33. Rd1 Bd5 34. Nf3 Be4 35. Qe3 Bc6 36. Qd3 Be4 37. Qe3 1/2-1/2

[Event "SLO-chT1 Central 19th"]
[Site "Slovenia"]
[Date "2018.11.15"]
[Round "9.1"]
[White "Hribar, Viktor"]
[Black "Kutin, Dusan"]
[Result "1-0"]
[WhiteElo "1819"]
[BlackElo "1893"]
[PlyCount "59"]
[EventDate "2018.09.13"]
[EventType "team-tourn"]
[EventRounds "9"]
[EventCountry "SLO"]
[SourceTitle "EXT 2021"]
[Source "ChessBase"]
[SourceDate "2020.10.23"]
[SourceVersion "1"]
[SourceVersionDate "2020.10.23"]
[SourceQuality "1"]
[WhiteTeam "Bor Dob II"]
[BlackTeam "Ljubljana Karel Jeraj"]
[WhiteTeamCountry "SLO"]
[BlackTeamCountry "SLO"]

1. Nf3 d5 2. d4 Nf6 3. Bg5 c6 4. e3 a6 5. Bd3 b5 6. Nbd2 Bg4 7. 0-0 h6 8. Bh4 g5 9. Bg3 Bg7 10. c3 Nbd7 11. e4 dxe4 12. Nxe4 0-0 13. Bc2 Nd5 14. Qd3 f5 15. Ned2 e6 16. Bd6 Re8 17. Rfe1 N7f6 18. Be5 Nf4 19. Bxf4 gxf4 20. Ne5 Qd6 21. f3 Bh5 22. Nb3 Re7 23. Nc5 Nd5 24. Bb3 Ne3 25. Rxe3 fxe3 26. Qxf5 Bxe5 27. Qxh5 Bxh2+ 28. Qxh2 Qxh2+ 29. Kxh2 Kg7 30. Re1 1-0

[Event "SLO-chT1 Central 19th"]
[Site "Slovenia"]
[Date "2018.10.11"]
[Round "5.1"]
[White "Kutin, Dusan"]
[Black "Plaskan, Jure"]
[Result "0-1"]
[WhiteElo "1893"]
[BlackElo "2224"]
[PlyCount "78"]
[EventDate "2018.09.13"]
[EventType "team-tourn"]
[EventRounds "9"]
[EventCountry "SLO"]
[SourceTitle "EXT 2021"]
[Source "ChessBase"]
[SourceDate "2020.10.23"]
[SourceVersion "1"]
[SourceVersionDate "2020.10.23"]
[SourceQuality "1"]
[WhiteTeam "Ljubljana Karel Jeraj"]
[BlackTeam "Domzale Tajfun"]
[WhiteTeamCountry "SLO"]
[BlackTeamCountry "SLO"]

1. e4 c5 2. Nf3 d6 3. d4 cxd4 4. Nxd4 Nf6 5. Nc3 a6 6. Bc4 e6 7. Bg5 Nc6 8. 0-0 Qc7 9. Bb3 Be7 10. Be3 0-0 11. a3 b5 12. f3 Ne5 13. h3 Bb7 14. Nde2 Nc4 15. Bc1 d5 16. exd5 Nxd5 17. Nxd5 Bxd5 18. Nc3 Bb7 19. Qe2 Nxa3 20. Ne4 Nc4 21. Bxc4 bxc4 22. c3 Rad8 23. Be3 Rd3 24. Bf2 e5 25. Rfd1 f5 26. Ng3 e4 27. Rxd3 cxd3 28. Qd2 Bd6 29. Nf1 exf3 30. gxf3 Bxf3 31. Qxd3 Be4 32. Qe3 Rf6 33. Nd2 Bb7 34. Qd4 Qf7 35. Re1 Qh5 36. Re3 Qd1+ 37. Re1 Rg6+ 38. Kf1 Bg2+ 39. Kg1 Bf3+ 0-1

[Event "Ljubljana-chT 71st 1st League"]
[Site "Ljubljana"]
[Date "2018.03.29"]
[Round "8.1"]
[White "Siraj, Anej"]
[Black "Kutin, Dusan"]
[Result "1-0"]
[WhiteElo "1956"]
[BlackElo "1904"]
[PlyCount "81"]
[EventDate "2018.01.11"]
[EventType "team-tourn"]
[EventRounds "9"]
[EventCountry "SLO"]
[SourceTitle "EXT 2024"]
[Source "ChessBase"]
[SourceDate "2023.10.10"]
[SourceVersion "1"]
[SourceVersionDate "2023.10.10"]
[SourceQuality "1"]
[WhiteTeam "Vrhnika"]
[BlackTeam "Ljubljana Karel Jeraj"]
[WhiteTeamCountry "SLO"]
[BlackTeamCountry "SLO"]

1. d4 d5 2. Bf4 Nf6 3. Nf3 Nc6 4. e3 a6 5. c4 e6 6. Nbd2 Bd6 7. Bg3 Bxg3 8. hxg3 dxc4 9. Nxc4 b5 10. Nce5 Nxe5 11. Nxe5 Bb7 12. Rc1 Qd6 13. a3 Rc8 14. b4 g6 15. g4 h5 16. gxh5 Rxh5 17. Rxh5 Nxh5 18. Qg4 Qf8 19. Bd3 Nf6 20. Qh4 Qg7 21. f3 Ba8 22. Qh3 Nd7 23. Nxg6 Bd5 24. Nf4 Nf6 25. e4 Bb3 26. Rb1 Qg5 27. g3 Bc4 28. Bxc4 bxc4 29. d5 Qe5 30. Qh8+ Ke7 31. Qxc8 Qc3+ 32. Kf2 Qc2+ 33. Ne2 Qxb1 34. Qxc7+ Kf8 35. Qxc4 e5 36. Qxa6 Kg7 37. d6 Qd1 38. Qc6 Qd2 39. Qc5 Nd7 40. Qc7 Nf6 41. Qe7 1-0

[Event "Ljubljana-chT 71st 1st League"]
[Site "Ljubljana"]
[Date "2018.03.22"]
[Round "7.1"]
[White "Kutin, Dusan"]
[Black "Perme, Metod"]
[Result "1-0"]
[WhiteElo "1904"]
[BlackElo "1334"]
[PlyCount "73"]
[EventDate "2018.01.11"]
[EventType "team-tourn"]
[EventRounds "9"]
[EventCountry "SLO"]
[SourceTitle "EXT 2024"]
[Source "ChessBase"]
[SourceDate "2023.10.10"]
[SourceVersion "1"]
[SourceVersionDate "2023.10.10"]
[SourceQuality "1"]
[WhiteTeam "Ljubljana Karel Jeraj"]
[BlackTeam "Komenda Suma"]
[WhiteTeamCountry "SLO"]
[BlackTeamCountry "SLO"]

1. e4 e5 2. Nf3 Nc6 3. d4 Nf6 4. d5 Nb4 5. a3 Na6 6. Nc3 Bc5 7. h3 Qe7 8. b4 Bb6 9. Bd3 0-0 10. 0-0 c5 11. b5 Nc7 12. a4 Ba5 13. Ne2 b6 14. c4 a6 15. Ra2 axb5 16. cxb5 Qd6 17. Ng3 Ncxd5 18. Nf5 Nc3 19. Nxd6 Nxd1 20. Rxd1 Nh5 21. Bc4 Nf6 22. g4 Nxe4 23. Nxe4 Rd8 24. Bd5 Ra7 25. Nd6 Rc7 26. Bg5 Rf8 27. Be7 c4 28. Bxf8 c3 29. Be7 c2 30. Rc1 Rc5 31. Raxc2 h6 32. Rxc5 Bb4 33. Bxf7+ Kh7 34. Rxc8 Bxd6 35. Bxd6 e4 36. Nh4 e3 37. Bg6# 1-0

[Event "SLO-chT Central 1st League 18th"]
[Site "Slovenia"]
[Date "2017.10.05"]
[Round "4.1"]
[White "Kremzer, Zdravko"]
[Black "Kutin, Dusan"]
[Result "1-0"]
[WhiteElo "1704"]
[BlackElo "1971"]
[PlyCount "75"]
[EventDate "2017.09.14"]
[EventType "team-swiss"]
[EventRounds "9"]
[EventCountry "SLO"]
[SourceTitle "EXT 2022"]
[Source "ChessBase"]
[SourceDate "2021.10.06"]
[SourceVersion "1"]
[SourceVersionDate "2021.10.06"]
[SourceQuality "1"]
[WhiteTeam "Bor Dob II"]
[BlackTeam "Ljubljana Karel Jeraj"]
[WhiteTeamCountry "SLO"]
[BlackTeamCountry "SLO"]

1. e4 e5 2. f4 Bc5 3. Nf3 d6 4. c3 Bg4 5. Bc4 Nf6 6. d3 0-0 7. f5 c6 8. Bg5 Nbd7 9. Nbd2 b5 10. Bb3 Qb6 11. Qe2 d5 12. h3 Bxf3 13. Nxf3 dxe4 14. dxe4 Nh5 15. Bh4 Nf4 16. Qf1 Nh5 17. 0-0-0 Nhf6 18. Qe2 b4 19. Kc2 a5 20. g4 Ra7 21. g5 Ne8 22. g6 Nef6 23. gxf7+ Kh8 24. Be6 bxc3 25. bxc3 Be3 26. Nd2 Bf4 27. Rb1 Qc7 28. Rhg1 Rb7 29. Rxb7 Qxb7 30. Qg2 Nh5 31. Qg4 Qb6 32. Nc4 Qb5 33. Qxh5 Qa4+ 34. Kb1 Nc5 35. Qg4 Bh6 36. Bg5 Rb8+ 37. Nb2 Qa3 38. f8Q+ 1-0

[Event "Ljubljana op 1st"]
[Site "Ljubljana"]
[Date "2011.01.12"]
[Round "2"]
[White "Kutin, Dusan"]
[Black "Bratkovic, Jakob"]
[Result "0-1"]
[WhiteElo "2039"]
[BlackElo "1672"]
[PlyCount "68"]
[EventDate "2011.01.05"]
[EventType "swiss"]
[EventRounds "9"]
[EventCountry "SLO"]
[SourceTitle "EXT 2023"]
[Source "ChessBase"]
[SourceDate "2022.10.05"]
[SourceVersion "1"]
[SourceVersionDate "2022.10.05"]
[SourceQuality "1"]

1. e4 c5 2. Nf3 Nc6 3. d4 cxd4 4. Nxd4 Qc7 5. Nc3 e6 6. a3 a6 7. Be2 b5 8. Nxc6 dxc6 9. Bf3 e5 10. 0-0 Nf6 11. Bg5 Be7 12. b3 h6 13. Bxf6 Bxf6 14. Qe2 0-0 15. Bg4 Bb7 16. Rfd1 Rad8 17. b4 c5 18. Nd5 Bxd5 19. Rxd5 Rxd5 20. exd5 c4 21. Rd1 Rd8 22. g3 Qd6 23. Qe3 Be7 24. f4 exf4 25. gxf4 Qg6 26. Qg3 Qxc2 27. Bf3 Qb3 28. Qf2 Qxa3 29. Be4 Qxb4 30. Kh1 Qc5 31. Qg2 b4 32. Bb1 Qe3 33. Rf1 b3 34. f5 Bf6 0-1

[Event "SLO-chT2 West"]
[Site "Kranj"]
[Date "2008.10.17"]
[Round "5.6"]
[White "Vidic, Miha"]
[Black "Kutin, Dusan"]
[Result "1-0"]
[WhiteElo "1946"]
[BlackElo "2074"]
[PlyCount "71"]
[EventDate "2008.10.11"]
[EventType "team-swiss"]
[EventRounds "9"]
[EventCountry "SLO"]
[SourceTitle "EXT 2010"]
[Source "ChessBase"]
[SourceDate "2010.11.25"]
[SourceVersion "1"]
[SourceVersionDate "2010.11.25"]
[SourceQuality "1"]
[WhiteTeam "Piran"]
[BlackTeam "Podpec"]
[WhiteTeamCountry "SLO"]
[BlackTeamCountry "SLO"]

1. d4 d5 2. c4 c6 3. Nf3 Nf6 4. Nc3 e6 5. e3 Be7 6. Qc2 0-0 7. b3 b6 8. Bd3 Ba6 9. Bb2 Nbd7 10. e4 dxe4 11. Nxe4 Rc8 12. 0-0 Nxe4 13. Bxe4 f5 14. Bd3 Bf6 15. Rfe1 Re8 16. Rad1 Qc7 17. Re2 g6 18. Rde1 Nf8 19. a4 Rcd8 20. Qc1 Qg7 21. Ne5 Bb7 22. c5 bxc5 23. dxc5 Rd5 24. Bc4 Rdd8 25. Qc2 Qe7 26. b4 a6 27. Ba2 Qg7 28. Bc1 Rd4 29. Nc4 Red8 30. Nd6 Bc8 31. Bb2 Rxb4 32. Bxf6 Qxf6 33. Nxc8 Rxc8 34. Rxe6 Nxe6 35. Rxe6 Qb2 36. Re2+ 1-0

[Event "SLO-chT2 West"]
[Site "Kranj"]
[Date "2004.10.16"]
[Round "3.4"]
[White "Kutin, Dusan"]
[Black "Pregarac, Valter"]
[Result "1/2-1/2"]
[WhiteElo "2074"]
[BlackElo "2013"]
[PlyCount "60"]
[EventDate "2004.10.15"]
[EventType "team"]
[EventRounds "3"]
[EventCountry "SLO"]
[SourceTitle "EXT 2009"]
[Source "ChessBase"]
[SourceDate "2008.11.26"]
[SourceVersion "1"]
[SourceVersionDate "2008.11.26"]
[SourceQuality "1"]

1. e4 e6 2. d4 d5 3. e5 c5 4. c3 Nc6 5. Nf3 Qb6 6. Be2 cxd4 7. cxd4 Nh6 8. b3 Nf5 9. Bb2 Bb4+ 10. Kf1 0-0 11. g4 Nh6 12. h3 f6 13. exf6 Rxf6 14. g5 Rxf3 15. Bxf3 Nf5 16. h4 Bd7 17. Kg2 Ncxd4 18. Nd2 Rf8 19. Bg4 Nb5 20. Nf3 Nc3 21. Bxc3 Bxc3 22. Rc1 Bb4 23. Bxf5 Rxf5 24. Qd4 Bd6 25. Rhd1 Rf4 26. Qxb6 axb6 27. Rd4 Rf8 28. Rdd1 Bc6 29. Nd4 Bd7 30. Nf3 Bc6 1/2-1/2

[Event "Ljubljana op 9th"]
[Site "Ljubljana"]
[Date "1998.??.??"]
[Round "3"]
[White "Kutin, Dusan"]
[Black "Podobnik, Marijan"]
[Result "1/2-1/2"]
[WhiteElo "2000"]
[BlackElo "2310"]
[PlyCount "82"]
[EventDate "1998.06.??"]
[EventType "swiss"]
[EventRounds "9"]
[EventCountry "SLO"]
[SourceTitle "EXT 1999"]
[Source "ChessBase"]
[SourceDate "1998.11.16"]
[SourceVersion "1"]
[SourceVersionDate "1998.11.16"]
[SourceQuality "1"]

1. e4 Nf6 2. Nc3 d5 3. exd5 Nxd5 4. Bc4 Nb6 5. Bb3 Nc6 6. Nge2 Bf5 7. d4 e6 8. a3 Be7 9. 0-0 0-0 10. Be3 Bf6 11. Na4 Na5 12. Nxb6 Nxb3 13. cxb3 axb6 14. b4 b5 15. Ng3 Bg6 16. Rc1 c6 17. Qd2 Qd7 18. f4 Rad8 19. Rfd1 Rfe8 20. Qf2 Qe7 21. Qf3 Rd5 22. Ne2 Red8 23. g4 Qd7 24. g5 Be7 25. h4 Bf8 26. Nc3 Rd6 27. Rd2 Bf5 28. Ne4 Bxe4 29. Qxe4 g6 30. h5 Bg7 31. Rcd1 Rd5 32. hxg6 hxg6 33. Kg2 Rf5 34. Kg3 Qd5 35. Qxd5 Rfxd5 36. Kf3 Kf8 37. Ke4 Ke7 38. Rh1 Rh8 39. Rxh8 Bxh8 40. Rh2 Rd8 41. Rh7 Rg8 1/2-1/2